Kadra reprezentacji Niemiec na Euro 2024 - Statystyki

Ogólne statystyki
  • Ten quiz został rozwiązany 630 razy
  • Średni wynik to 13 z 26
Statystyki odpowiedzi
Zawodnik Pozycja Klub % Poprawnych
Manuel Neuer Bramkarz Bayern Monachium
94%
Marc-André ter Stegen Bramkarz FC Barcelona
93%
Antonio Rüdiger Obrońca Real Madryt
82%
Florian Wirtz Pomocnik Bayer Leverkusen
77%
Kai Havertz Napastnik Arsenal
77%
Jamal Musiala Pomocnik Bayern Monachium
76%
Toni Kroos Pomocnik Real Madryt
73%
İlkay Gündoğan Pomocnik FC Barcelona
70%
Joshua Kimmich Obrońca Bayern Monachium
67%
Jonathan Tah Obrońca Bayer Leverkusen
66%
Leroy Sané Pomocnik Bayern Monachium
60%
Thomas Müller Napastnik Bayern Monachium
60%
Niclas Füllkrug Napastnik Borussia Dortmund
44%
Oliver Baumann Bramkarz Hoffenheim
44%
Robert Andrich Pomocnik Bayer Leverkusen
41%
Pascal Groß Pomocnik Brighton
39%
Deniz Undav Napastnik VfB Stuttgart
38%
David Raum Obrońca RB Lipsk
36%
Nico Schlotterbeck Obrońca Borussia Dortmund
34%
Maximilian Mittelstädt Obrońca VfB Stuttgart
25%
Waldemar Anton Obrońca VfB Stuttgart
25%
Aleksandar Pavlović Pomocnik Bayern Monachium
24%
Maximilian Beier Napastnik Hoffenheim
21%
Robin Koch Obrońca Eintracht Frankfurt
16%
Benjamin Henrichs Obrońca RB Lipsk
15%
Chris Führich Pomocnik VfB Stuttgart
10%
Nie znaleziono quizów pasujących do podanych kryteriów
Rozkład punktacji
Procent ludzi z każdym wynikiem
Percentyl według liczby udzielonych odpowiedzi
Twoja historia wyników
Nie rozwiązałeś tego quizu